000
00300nam a22001337a 4500
003
SGT
082
_a
617.643
_b
R14S
100
_a
SINGAL, ISHANT
245
_a
ROOT RESORPTION
260
_a
DELHI NCR
_b
SGT UNIVERSITY GURUGRAM
_c
2014
300
_a
1-139
650
_a
ORTHODONTICS
942
_2
ddc
_c
TH
999
_c
18778
_d
18778